Countries of North America with two or more words - Statistics

General Stats
  • This quiz has been taken 51 times
    31 since last reset
  • The average score is 9 of 10
Answer Stats
Answer % Correct
Dominican Republic
100%
United States
96%
El Salvador
89%
Saint Lucia
89%
Antigua and Barbuda
85%
Saint Kitts and Nevis
85%
Saint Vincent and the Grenadines
85%
Trinidad and Tobago
85%
Costa Rica
81%
The Bahamas
56%
No matching quizzes found
Score Distribution
Percent of People with Each Score
Percentile by Number Answered
Your Score History
You have not taken this quiz since the last reset